| 000 | 00763 a2200241 4500 | ||
|---|---|---|---|
| 999 |
_c200129704 _d16083 |
||
| 001 | 200129704 | ||
| 003 | TR-AnTOB | ||
| 005 | 20231204165116.0 | ||
| 008 | 130606b tu 000 0 | ||
| 040 |
_aTR-AnTOB _cTR-AnTOB _beng _erda |
||
| 041 | _atur | ||
| 050 |
_aHC492 _bO281 2012 |
||
| 090 | _aHC492 O281 2012 | ||
| 245 | 0 | 0 |
_aOrta vadeli program 2013-2015/ / _cKalkınma Bakanlığı,. |
| 264 | 1 |
_aAnkara : _bKalkınma Bakanlığı, _c2012. |
|
| 300 |
_a71 s. : _btbl. ; _c20 cm. |
||
| 650 | 0 | 7 |
_aEkonomik kalkınma _zTürkiye _2etuturkob _965309 |
| 651 | 0 | 0 |
_aTurkey _xEconomic conditions _vStatistics _941746 |
| 651 | 0 |
_aTürkiye _xEkonomik durum _vİstatistikler _941748 |
|
| 651 | 0 | 7 |
_aTürkiye _xEkonomi politikası _2 _911070 |
| 942 |
_cBK _2lcc |
||